Municipalities of Anhui Province - Statistics

General Stats
  • This quiz has been taken 159 times
  • The average score is 11 of 16
Answers on the Map
Answers color-coded by a green-red scale on the quiz's map according to % correct below.
 
Answer Stats
Answer % Correct
Hefei 合肥
97%
Wuhu 芜湖
81%
Bengbu 蚌埠
78%
Huainan 淮南
78%
Huangshan 黄山
78%
Suzhou 宿州
76%
Huaibei 淮北
73%
Anqing 安庆
70%
Fuyang 阜阳
68%
Ma'anshan 马鞍山
68%
Chizhou 池州
65%
Chuzhou 滁州
65%
Bozhou 亳州
59%
Liu'an 六安
59%
Tongling 铜陵
59%
Xuancheng 宣城
51%
No matching quizzes found
Score Distribution
Percent of People with Each Score
Percentile by Number Answered
Your Score History
You have not taken this quiz